Le droit des gens ou Principes de la Loi Naturelle appliques a la conduite et aux affaires des nations et des souverains / (Record no. 167040)
[ view plain ]
| 000 -LEADER | |
|---|---|
| campo de control de longitud fija | 01015nam a22002055i 4500 |
| 001 - NÚMERO DE CONTROL | |
| campo de control | 167040 |
| 003 - IDENTIFICADOR DE NÚMERO DE CONTROL | |
| campo de control | ES-MaACL |
| 005 - FECHA Y HORA DE LA ÚLTIMA TRANSACCIÓN | |
| campo de control | 20250809025050.0 |
| 008 - DATOS DE LONGITUD FIJA--INFORMACIÓN GENERAL | |
| campo de control de longitud fija | 990119s1863 fr |||| | fre d |
| 040 ## - FUENTE DE CATALOGACIÓN | |
| Centro catalogador/agencia de origen | CCPB | B |
| Lengua de catalogación | spa |
| Centro/agencia transcriptor | CCPB | B |
| 100 1# - ENTRADA PRINCIPAL--NOMBRE DE PERSONA | |
| Nombre de persona | Vattel, Emer de ( |
| Fechas asociadas al nombre | 1714-1767) |
| 9 (RLIN) | 133571 |
| 245 13 - MENCIÓN DEL TÍTULO | |
| Título | Le droit des gens ou Principes de la Loi Naturelle appliques a la conduite et aux affaires des nations et des souverains / |
| Mención de responsabilidad, etc. | par Vattel. |
| 250 ## - MENCION DE EDICION | |
| Mención de edición | Nouvelle éd. précédée d'un essay ... accompagnée des notes ... augmentée du discours ... complétée. |
| 260 ## - PUBLICACIÓN, DISTRIBUCIÓN, ETC. | |
| Lugar de publicación, distribución, etc. | Paris : |
| Nombre del editor, distribuidor, etc. | Guillaumin et Cíe, Libraires, |
| Fecha de publicación, distribución, etc. | 1863. |
| 300 ## - DESCRIPCIÓN FÍSICA | |
| Extensión | 3 v. ; |
| Dimensiones | 18 cm. |
| 597 #1 - NOTA DE DESCRIPCIÓN FÍSICA | |
| NOTA DE DESCRIPCIÓN FÍSICA | Vol. I (XXXV, 644 p.) -- vol. II (463 p.) -- vol. III (501 p.) |
| 650 07 - PUNTO DE ACCESO ADICIONAL DE MATERIA--TÉRMINO DE MATERIA | |
| Término de materia o nombre geográfico como elemento de entrada | Derecho internacional público |
| Fuente del encabezamiento o término | embne |
| 9 (RLIN) | 11723 |
| 852 ## - LOCALIZACIÓN | |
| Ubicación | ES-MaACL |
| Número de control de estantería | D-968-970 |
| Nota libre | -- Enc. hol. |
| Encuadernación | -- Edic.: T.I (XXXV, 644 p.) - T.II (501 p.) - t.III (463 p.) -- En verso de la antep. consta el imp.: Saint-Denis : Typographie de A. Moulin |
| Estatus retirado | Estado de pérdida | Estado de daño | No para préstamo | Colección | Biblioteca de origen | Biblioteca actual | Ubicación en estantería | Fecha de adquisición | Fuente de adquisición | Total de préstamos | Signatura topográfica completa | Código de barras | Visto por última vez | Precio de reemplazo | Tipo de ítem Koha |
|---|---|---|---|---|---|---|---|---|---|---|---|---|---|---|---|
| Libros del s. XIX | Biblioteca del Ateneo de Madrid | Biblioteca del Ateneo de Madrid | Sala Valle Inclán | 17/01/2008 | D-968-970 | 901175221 | 23/02/2023 | 23/02/2023 | Libro impreso antiguo |
